000
00273nam a2200121Ia 4500
008
190216s9999||||xx |||||||||||||| ||und||
100
_a
Kumaranasan N
245
0
_a
Leela
260
_b
The Auroville Publishers
_c
1975
300
_a
102p
650
_a
Kavithkal
942
_c
BK
999
_c
26424
_d
26424